000 00598nam a22001817a 4500
010 _aENG-119979
020 _a9788182203891
_c700.00
035 _aEN-103511
037 _bDBAD/PUB
082 _a305.5680954
100 _aRamkumar, N.
245 _aThe caste culture in India :
_bcontemporary approach /
_cby N.Ramkumar
260 _aNew Delhi
_bGlobal Vision Publishing House
_c2011
270 _a20,Ansari Road,Daryaganj,
_bDelhi
_e110002
300 _avii.203p.
_c22cm(hb).
500 _aIncludes bibliographical reference and index
942 _2ddc
_cEN
_h305.5680954
_mRAM
999 _c144133
_d144133